| 000 | 00355nam a2200145Ia 4500 | ||
|---|---|---|---|
| 008 | 230312s9999||||xx |||||||||||||| ||und|| | ||
| 020 | _a81-239-0850-2 | ||
| 082 |
_a612 _bGHO-H |
||
| 100 | _aGhosh;L.K | ||
| 245 | 0 | _aHandbook of Pharmaceutical Technology | |
| 260 |
_bCBS _aIndia _c2013 |
||
| 300 | _a283 | ||
| 650 |
_aPharmacy _vPharmaceutics |
||
| 942 | _cBK | ||
| 999 |
_c9941 _d9941 |
||